000 00508nam a2200133 4500
999 _c9163
_d9163
008 180413b ||||| |||| 00| 0 eng d
082 _aDPer 050 Dec 2015-Mar 2016 T48 v186-187
100 _927360
_aSanchez, Julian.
245 _aThe real meaning of apple's battle with the FBI over encryption/
_cJulian Sanchez.
260 _aNew York:
_bTime Inc.,
_c©Dec 2015-Mar 2016.
300 _av187 n8, pages 18-19:
_billustrations;
_c27 cm.
650 0 _927361
_aLaw enforcement
_xEncryption.
942 _2ddc
_cPER